000 00795nas a2200253 4500
001 BR9511034
003 BR-BrBNA
005 20231205095600.0
007 ta
008 230509b bl.|||p| |||| 00| 00por d
040 _aBR-BrBNA
_bpor
_cBiblioteca Nacional de Agricultura
041 _a(Pt)
072 _aQ02
100 1 _aFerrua, F.Q.
100 1 _aMeirelles, M.A.A.
245 1 _aCinetica de extracao do oleo essencial de capim-limao com dioxido de carbono liquido
650 _aCapim Limao
650 _aOleo Essencial
650 _aExtracao Supercritica
650 _aDioxido de Carbono
773 0 _tCiencia e Tecnologia de Alimentos (Brazil)
_xISSN 0101-2061
_g(Dec 1994), v. 14(Supl.) p. 93-100
_wBR9511034
909 _a202311
_bLúcia
_c55
_dLúcia Elande
942 _2AGRIS
_n0
_cANA
999 _c151498
_d151498